Happiest Countries in the World 2023 Score higher than a 4 - Statistics

General Stats
  • This quiz has been taken 8 times
  • The average score is 13 of 33
Answer Stats
Rank Country World Happeniess Report Score 2023 % Correct
125 India 4.04
86%
117 Bangladesh 4.28
57%
97 Iraq 4.94
57%
122 Jordan 4.12
57%
110 Kenya 4.49
57%
119 Mali 4.20
57%
121 Togo 4.14
57%
115 Benin 4.37
43%
103 Burkina Faso 4.64
43%
114 Cambodia 4.39
43%
106 Ghana 4.61
43%
100 Iran 4.88
43%
102 Mauritania 4.72
43%
99 Morocco 4.90
43%
104 Namibia 4.63
43%
108 Niger 4.50
43%
94 Nigeria 4.98
43%
109 Tunisia 4.50
43%
112 Uganda 4.43
43%
95 Cameroon 4.97
29%
113 Chad 4.40
29%
120 Egypt 4.17
29%
123 Ethiopia 4.09
29%
118 Gambia 4.28
29%
124 Liberia 4.04
29%
126 Madagascar 4.02
29%
96 Mozambique 4.95
29%
116 Myanmar 4.37
29%
107 Pakistan 4.55
29%
101 Senegal 4.86
29%
111 Sri Lanka 4.44
29%
98 Palestine 4.91
14%
105 Turkey 4.61
0%
No matching quizzes found
Score Distribution
Percent of People with Each Score
Percentile by Number Answered
Your Score History
You have not taken this quiz